| 000 | 01139nam a2200325 i 4500 | ||
|---|---|---|---|
| 001 | 39970 | ||
| 003 | KOSZ 005 | ||
| 005 | 20200904140557.0 | ||
| 008 | 970510s1993 pl a f |000 0 pol | ||
| 015 | _aPB 1994/5786 | ||
| 035 | _a(OCoLC)751559769 | ||
| 040 |
_aWA N _cKOSZ 005/HR _dKOSZ 005/HR |
||
| 041 | 0 |
_apol _beng |
|
| 080 | _a621.78 | ||
| 080 | _a539.3/.4 | ||
| 100 | 1 |
_aTubielewicz, Krzysztof _d(1938- ) _eAutor |
|
| 245 | 1 | 0 |
_aAnaliza naprężeń powstających w warstwie wierzchniej podczas procesu nagniatania / _cKrzysztof Tubielewicz ; Politechnika Częstochowska. |
| 260 |
_aCzęstochowa : _bWydaw. PC, _c1993. |
||
| 300 |
_a164, [2] s. : _bfot., rys., wykr. ; _c24 cm. |
||
| 380 | _aKsiążki. | ||
| 388 | _a1901-2000 | ||
| 504 | _aBibliogr. s. 157-[165]. | ||
| 546 | _aStreszcz. ang. | ||
| 658 | _aInżynieria i technika | ||
| 650 | 4 | _aNaprężenia i odkształcenia | |
| 650 | 4 | _aNagniatanie | |
| 710 | 2 |
_aPolitechnika Częstochowska. _bWydawnictwo. _4pbl. |
|
| 856 |
_uhttp://koha.tu.koszalin.pl/cgi-bin/koha/opac-detail.pl?biblionumber=39970 _yKatalog online BPK |
||
| 942 |
_2UKD _cKS |
||
| 999 |
_c39970 _d39970 |
||